Historia económica mundial (Registro nro. 3318)

Detalles MARC
000 -LEADER
fixed length control field 01033 a2200241 4500
001 - CONTROL NUMBER
control field 40846
005 - DATE AND TIME OF LATEST TRANSACTION
control field 20260407155703.0
008 - FIXED-LENGTH DATA ELEMENTS--GENERAL INFORMATION
fixed length control field 260407a2013 arg spa d
003 - CONTROL NUMBER IDENTIFIER
control field AR-UNSa-BCEJYS
040 ## - CATALOGING SOURCE
Original cataloging agency AR-UNSa-BCEJYS
Language of cataloging spa
Transcribing agency AR-UNSa-BCEJYS
080 ## - UNIVERSAL DECIMAL CLASSIFICATION NUMBER
Universal Decimal Classification number 94:33
Common auxiliary subdivision Historia económica
020 ## - INTERNATIONAL STANDARD BOOK NUMBER
International Standard Book Number 978-84-206-7583-1
041 ## - LANGUAGE CODE
Language code of text/sound track or separate title spa
100 1# - MAIN ENTRY--PERSONAL NAME
Personal name Allen, Robert C.
245 10 - TITLE STATEMENT
Title Historia económica mundial
Name of part/section of a work una breve introducción
264 #1 - PRODUCTION, PUBLICATION, DISTRIBUTION, MANUFACTURE, AND COPYRIGHT NOTICE
Place of production, publication, distribution, manufacture Madrid :
Name of producer, publisher, distributor, manufacturer Alianza Editorial
Date of production, publication, distribution, manufacture, or copyright notice 2013
300 ## - PHYSICAL DESCRIPTION
Extent 253 p.
Dimensions 18 cm.
505 ## - FORMATTED CONTENTS NOTE
Formatted contents note 1. La gran divergencia - 2. El progreso de Occidente - 3. La revolución industrial - 4. El despegue de los países ricos - 5. Los grandes imperios - 6. Las Américas - 7. África - 8. El modelo clásico y la industrialización tardía - 9. El gran impulso a la industrialización
590 ## - LOCAL NOTE (RLIN)
Local note niveau_biblio:m niveau_hierar:0
700 1# - ADDED ENTRY--PERSONAL NAME
Personal name Muñoz de Bustillo, Francisco
856 41 - ELECTRONIC LOCATION AND ACCESS
Uniform Resource Identifier <a href="https://www.biblioeco.unsa.edu.ar/pmb/images/libros/L126287.jpg">https://www.biblioeco.unsa.edu.ar/pmb/images/libros/L126287.jpg</a>
Link text Imagen de portada
Electronic format type image/jpeg
942 ## - ADDED ENTRY ELEMENTS (KOHA)
Koha item type
Existencias
Withdrawn status Lost status Damaged status Not for loan Home library Current library Shelving location Date acquired Total checkouts Full call number Barcode Date last seen Price effective from Koha item type
        Biblioteca Prof. Eusebio Cleto del Rey Biblioteca Prof. Eusebio Cleto del Rey   07/04/2026   94:33 A425 L126287 07/04/2026 07/04/2026 Libro
        Biblioteca Prof. Eusebio Cleto del Rey Biblioteca Prof. Eusebio Cleto del Rey   07/04/2026   94:33 A425 L126288 07/04/2026 07/04/2026 Libro
        Biblioteca Prof. Eusebio Cleto del Rey Biblioteca Prof. Eusebio Cleto del Rey   07/04/2026   94:33 A425 L126289 07/04/2026 07/04/2026 Libro